| 000 | 00684nam a22001697a 4500 | ||
|---|---|---|---|
| 999 |
_c10947 _d10947 |
||
| 008 | 180927b ||||| |||| 00| 0 eng d | ||
| 082 |
_22017 _aUT 1038 _bM43 |
||
| 100 |
_931815 _aMaturan, Emie C. |
||
| 245 |
_aEducation for the lost and found: _bdescription account on the learning process of the pupils in returning to school/ _cEmie C. Maturan, lannie Laine C. Araneta and Mariane P. Sarsaba. |
||
| 260 |
_aDigos City: _bUMDC _cNovember 2017. |
||
| 300 |
_a78 pages; _b29 cm. |
||
| 650 | 0 |
_931816 _aEducation. _vBEED _xUndergraduate thesis. |
|
| 700 |
_931817 _aMaturan, Emie C. |
||
| 700 |
_931818 _aAraneta, Lannie Laine C. |
||
| 700 |
_931819 _aSarsaba, Mariane P. |
||
| 942 |
_2ddc _cUT |
||